NLSUI OPAC header image

Cyber laws A guide to cyber laws, information technology, computer software, intellectual property rights, e-commerce,taxation, privacy, etc., along with policies, guidlines and agreements (Record no. 27176)

MARC details
000 -LEADER
fixed length control field 00643nam a2200157Ia 4500
008 - FIXED-LENGTH DATA ELEMENTS--GENERAL INFORMATION
fixed length control field 160316s2010 xxu||||| |||| 00| 0 eng d
082 ## - DEWEY DECIMAL CLASSIFICATION NUMBER
Classification number 343.099450
Item number SIN
100 ## - MAIN ENTRY--PERSONAL NAME
Personal name Singh Yatinder
245 ## - TITLE STATEMENT
Title Cyber laws A guide to cyber laws, information technology, computer software, intellectual property rights, e-commerce,taxation, privacy, etc., along with policies, guidlines and agreements
250 ## - EDITION STATEMENT
Edition statement 4th
260 ## - PUBLICATION, DISTRIBUTION, ETC.
Place of publication, distribution, etc. Dehra Dun
Name of publisher, distributor, etc. Universal Law Publishing Co.Pvt.Ltd.
Date of publication, distribution, etc. 2010
300 ## - PHYSICAL DESCRIPTION
Extent 430p
Other physical details
Dimensions xxxiii
365 ## - TRADE PRICE
Price amount Rs. 425
650 ## - SUBJECT ADDED ENTRY--TOPICAL TERM
Topical term or geographic name entry element 1. Cyber Laws - India<br/>2. Information Technology Act - India<br/>3. Computer Laws - India
700 ## - ADDED ENTRY--PERSONAL NAME
Personal name
--
Holdings
Withdrawn status Lost status Damaged status Not for loan Home library Current library Shelving location Date acquired Cost, normal purchase price Total Checkouts Full call number Barcode Date last seen Price effective from Koha item type
        NLS NLS Library Compactors 30/05/2017 425.00   343.09945 SIN 24660 30/05/2017 30/05/2017 BOOKs